| 000 | 00493nam a22001457a 4500 | ||
|---|---|---|---|
| 999 |
_c535659 _d535659 |
||
| 082 | _a621.3678 | ||
| 100 | _aAli, Iftikhar | ||
| 245 |
_aWeb GIS for Crime Mapping and Analysis: A Case Study of Peshawar District / _cIftikhar Ali. |
||
| 260 |
_aIslamabad : _bIGIS - NUST, _c2014. |
||
| 300 |
_a45 p. : ill. ; _c30cm. |
||
| 942 |
_2ddc _cTHE |
||
| 650 |
_aRemote Sensing and GIS - MS Theses. _930331 |
||
| 700 |
_aSup Dr Javed Iqbal. _930361 |
||